Elden Ring Spirit Ashes (with DLC) - Statistics

General Stats
  • This quiz has been taken 298 times
    128 since last reset
  • The average score is 34 of 84
Answer Stats
Hint Answer % Correct
Mimic Tear Ashes
84%
Black Knife Tiche Ashes
76%
Dungeater Puppet
76%
Nepheli Loux Puppet
75%
Cleanrot Knight Finlay Ashes
67%
Godrick Soldier Ashes
63%
Lone Wolf Ashes
63%
Radahn Soldier Ashes
59%
LegendaryAshen
Remains
Ancient Dragon Knight Kristoff Ashes
55%
Lhutel the Headless Ashes
55%
Leyndell Soldier Ashes
53%
Raya Lucaria Soldier Ashes
53%
Giant Rat Ashes
51%
Latenna the Albinauric Ashes
51%
Redmane Knight Ogha Ashes
51%
Ashen Remains Wandering Noble Ashes
49%
Demi-Human Ashes
47%
Puppets Finger Maiden Therolina Puppet
47%
Rotten Stray Ashes
47%
Ashen Remains Banished Knight Oleg Ashes
45%
Fanged Imp Ashes
45%
Fire Knight Queelign Ashes
45%
Haligtree Soldier Ashes
45%
Jolán and Anna Ashes
45%
Omenkiller Rollo Ashes
45%
Bloodhound Knight Floh Ashes
43%
Dolores the Sleeping Arrow Puppet
43%
Noble Sorcerer Ashes
43%
Stormhawk Deenh Ashes
43%
Swordhand of Night Jolán Ashes
43%
Ancestral Follower Ashes
41%
Mausoleum Soldier Ashes
41%
Azula Beastman Ashes
39%
Banished Knight Engvall Ashes
39%
Crystalian Ashes
39%
Glintstone Sorcerer Ashes
39%
Greatshield Soldier Ashes
39%
Land Squirt Ashes
39%
Mad Pumpkin Head Ashes
39%
Messmer Soldier Ashes
39%
Skeletal Bandit Ashes
39%
Jarwight Puppet
37%
Marionette Soldier Ashes
37%
Spirit Jellyfish Ashes
37%
Albinauric Ashes
35%
Ancient Dragon Florissax Ashes
35%
Avionette Soldier Ashes
35%
Black Knight Captain Andreas Ashes
35%
Clayman Ashes
35%
Kindred of Rot Ashes
35%
Nightmaiden and Swordstress Puppets
35%
Perfumer Tricia Ashes
35%
Skeletal Militiamen Ashes
35%
Vulgar Militia Ashes
35%
Firemonk Ashes
33%
Man-Serpent Ashes
33%
Miranda Sprout Ashes
33%
Taylew the Golem Smith Ashes
33%
Twinsage Sorcerer Ashes
33%
Warhawk Ashes
33%
Archer Ashes
31%
Battlemage Hugues Ashes
31%
Bigmouth Imp Ashes
31%
Horned Warrior Ashes
31%
Kaiden Sellsword Ashes
31%
Nomad Ashes
31%
Soldjars of Fortune Ashes
31%
Spider Scorpion Ashes
31%
Winged Misbegotten Ashes
31%
Blackflame Monk Amon Ashes
29%
DLC
Ashen Remains
Black Knight Captain Huw Ashes
29%
Curseblade Meera Ashes
29%
Fingercreeper Ashes
29%
Fire Knight Hilde Ashes
29%
Depraved Perfumer Carmaan Ashes
27%
DLC Ashen
Remains
Man-Fly Ashes
27%
Oracle Envoy Ashes
27%
Page Ashes
27%
Putrid Corpse Ashes
27%
Gravebird Ashes
24%
Inquisitor Ashes
24%
Divine Bird Warrior Ornis Ashes
20%
Bloodfiend Hexer's Ashes
18%
Demi-Human Swordsman Yosh Ashes
18%
No matching quizzes found
Score Distribution
Percent of People with Each Score
Percentile by Number Answered
Your Score History
You have not taken this quiz since the last reset